000 04793cgm a2200865Ii 4500
001 ocn915178291
003 OCoLC
005 20241220163904.0
007 vd cvaizk
008 150731s2015 cau115 vleng d
040 _aTEFMT
_beng
_erda
_cTEFMT
_dOCLCO
_dTEF
_dOCLCO
_dBDX
_dMR0
_dOCLCO
_dOCLCF
_dIHY
_dUINTA
024 1 _a025192242045
024 1 _a025192242137
028 4 2 _a61142595
_bUniversal Studios Canada
028 4 2 _a61142603
_bUniversal Studios Canada
035 _a(OCoLC)915178291
041 1 _aeng
_afre
_aspa
_jeng
_jfre
_jspa
_heng
050 4 _aPN1997.2
_b.P58 2015
082 0 4 _a791.43/72
_223
049 _aUCLB
245 0 0 _aPitch perfect 2 /
_ca Gold Circle Entertainment/Brownstone production ; produced by Paul Brooks, Max Handelman, Elizabeth Banks ; written by Kay Cannon ; directed by Elizabeth Banks.
264 1 _a[Universal City, California] :
_bUniversal Studios Canada,
_c[2015]
300 _a1 videodisc (115 min.) :
_bsound, color ;
_c4 3/4 in.
336 _atwo-dimensional moving image
337 _avideo
338 _avideodisc
340 _aDVD video
_b4 3/4 in.
_2rda
344 _adigital
_boptical
_g5.1 surround
_h2.0 stereo
_hDolby Digital
_2rda
345 _aanamorphic widescreen (1.85:1)
_2rda
346 _aDVD-video
_bNTSC
_2rda
347 _avideo file
_bDVD video
_eregion 1
_2rda
380 _aMotion picture.
538 _aDVD ; anamorphic widescreen (1.85:1) presentation ; Dolby digital 5.1 surround (English, Spanish and French) and 2.0 stereo. (English DVS).
546 _aIn English, dubbed Spanish or dubbed French, with optional subtitles in Spanish or French.
546 _aEnglish subtitles for the deaf and hard of hearing.
546 _aOptional descriptive audio in English for the visually impaired.
500 _aTitle from container.
511 1 _aAnna Kendrick, Rebel Wilson, Hailee Steinfeld, Brittany Snow, Skylar Astin, Adam Devine, Katey Sagal, Anna Camp, Elizabeth Banks.
508 _aMusic, Mark Mothersbaugh ; editor, Craig Alpert ; director of photography, Jim Denault.
500 _aDVD release of the 2015 motion picture.
521 8 _aMPAA rating: PG-13; for innuendo and language.
520 _aThe Barden Bellas are back to pitch slap the world. It's been three years since the Bellas brought their signature vocals, style and attitude to become the first all-female group to win a national title. But when they get banned after a scandal that threatens to derail their last year at Barden, the three-time defending champs worry that this time they've lost their harmony for good. The Bellas must fight for their right to win the World Championships of A Cappella in Copenhagen.
500 _aBonus features: Deleted/extended/alternate scenes ; gag reel ; extended musical performances ; the Bellas are back ; feature commentary with filmmakers.
650 0 _aCollege students
_vDrama.
_95692848
650 0 _aChoral societies
_vDrama.
_96438840
650 0 _aMusic in universities and colleges
_vDrama.
_96438841
650 0 _aFemale friendship
_vDrama.
_95719300
650 7 _aChoral societies.
_2fast
_0(OCoLC)fst00858549
_96244260
650 7 _aCollege students.
_2fast
_0(OCoLC)fst00867976
650 7 _aMusic in universities and colleges.
_2fast
_0(OCoLC)fst01030565
_96244261
655 7 _aFeature films.
_2lcgft
655 7 _aMusical films.
_2lcgft
655 7 _aComedy films.
_2lcgft
655 7 _aFiction films.
_2lcgft
655 7 _aVideo recordings for the hearing impaired.
_2lcgft
655 7 _aVideo recordings for people with visual disabilities.
_2lcgft
_95676923
655 7 _aComedy films.
_2fast
_0(OCoLC)fst01710291
655 7 _aDrama.
_2fast
_0(OCoLC)fst01423879
655 7 _aFeature films.
_2fast
_0(OCoLC)fst01710384
655 7 _aMusical films.
_2fast
_0(OCoLC)fst01710273
655 7 _aVideo recordings for people with visual disabilities.
_2fast
_0(OCoLC)fst01710451
_95676923
655 7 _aVideo recordings for the hearing impaired.
_2fast
_0(OCoLC)fst01710450
700 1 _aBanks, Elizabeth,
_d1974-
_efilm director,
_efilm producer,
_eactor.
_95692820
700 1 _aCannon, Kay,
_escreenwriter.
_96244269
700 1 _aKendrick, Anna,
_eactor.
_95714613
700 1 _aWilson, Rebel,
_eactor.
_95742375
700 1 _aSteinfeld, Hailee,
_eactor.
_95742378
700 1 _aSnow, Brittany,
_d1986-
_eactor.
_970976
710 2 _aUniversal Studios Canada,
_epublisher.
_977486
730 0 2 _iContainer of (work):
_aPitch perfect 2 (Motion picture)
_96438849
730 0 2 _iContainer of (expression):
_aPitch perfect 2 (Motion picture).
_lFrench.
_96534156
730 0 2 _iContainer of (expression):
_aPitch perfect 2 (Motion picture).
_lSpanish.
_96534157
938 _aBrodart
_bBROD
_n112891012
994 _aC0
_bUINTA
999 _c200708
_d200708